| 000 | 01416nam a22002897a 4500 | ||
|---|---|---|---|
| 005 | 20250829185649.0 | ||
| 008 | 240816b ||||| |||| 00| 0 eng d | ||
| 082 | _aDPer 155.205 J826 July-September 2020 v. 119 n. 1-3 | ||
| 100 |
_aHarari, Gabriella M. _eauthor. _957984 |
||
| 245 |
_aSensing Sociability : _bindividual differences in young adults' conversation calling, texting, and app use behaviors in daily life / _cGabriella M. Harari, Clemens Stachl, Markus Buhner, Andrew T. Campbell, Sandrine R. Muller, Rui Wang, Weichen Wang, Peter J. Rentfrow, and Samuel D. Gosling. |
||
| 260 |
_aWashington ; _bAmerican Psychological Association , _cJuly 2020. |
||
| 300 |
_aVolume 119, pages 204-228 : _billustration ; _c27 cm. |
||
| 500 | _aJournal of Personality and Social Psychology , vol. 119, no. 1, pages 204-228, July 2020. | ||
| 650 |
_aSocial psychology. _960661 |
||
| 650 |
_aBehaviorism. _960004 |
||
| 650 |
_aIndividuality. _919964 |
||
| 700 |
_aHarari, Gabriella M. _eauthor. _957984 |
||
| 700 |
_aStachl, Clemens. _eauthor. _957985 |
||
| 700 |
_aBuhner, Markus _eauthor. _957986 |
||
| 700 |
_aCampbell, Andrew T. _eauthor. _957987 |
||
| 700 |
_aMuller, Sandrine R. _eauthor. _957988 |
||
| 700 |
_aWang, Rui. _eauthor. _957989 |
||
| 700 |
_aWang, Weichen. _eauthor. _957990 |
||
| 700 |
_aRentfrow, Peter J. _eauthor. _957991 |
||
| 700 |
_aGosling, Samuel D. _eauthor. _957992 |
||
| 942 |
_2ddc _cPER |
||
| 999 |
_c20531 _d20531 |
||